Statistics for Part of Me - Noah Kahan (All Lyrics)

Click here to take the quiz!

General Stats

  • This quiz has been taken 6 times
  • The average score is 313 of 409

Answer Stats

Lyrics% Correct
a
100%
And
100%
be
100%
Do
100%
feel
100%
Feel
100%
I
100%
lost
100%
love
100%
me?
100%
me
100%
My,
100%
my
100%
my,
100%
of
100%
part
100%
That
100%
that
100%
the
100%
you,
100%
you
100%
alive
80%
already
80%
between
80%
But
80%
could
80%
done
80%
eyes
80%
Feels
80%
for
80%
forgot
80%
get
80%
getting
80%
good
80%
in
80%
In
80%
It
80%
it's
80%
It's
80%
I've
80%
Just
80%
just
80%
know
80%
Like
80%
like
80%
made
80%
miss
80%
out
80%
so
80%
sun
80%
there
80%
things
80%
think
80%
to
80%
was
80%
way
80%
we
80%
When
80%
ache
60%
air
60%
at
60%
bit
60%
bodies
60%
can't
60%
change
60%
City,
60%
dear
60%
dear?
60%
disappeared
60%
don't
60%
everything
60%
face
60%
gonna
60%
got
60%
how
60%
if
60%
I'm
60%
knowing
60%
Lake
60%
little
60%
moment
60%
now
60%
only
60%
our
60%
pain,
60%
recall
60%
Salt
60%
something
60%
space
60%
stay
60%
Though
60%
through
60%
time
60%
With
60%
with
60%
your
60%
ago
40%
all
40%
alone
40%
arms
40%
As
40%
babe,
40%
being
40%
better
40%
both
40%
bring
40%
car
40%
'Cause
40%
chase
40%
close
40%
couldn't
40%
die
40%
drove
40%
else's
40%
Even
40%
fear
40%
feeling
40%
filled
40%
Fire
40%
grateful
40%
head
40%
heart
40%
held
40%
hoped
40%
inside
40%
is
40%
knew
40%
let
40%
light
40%
long
40%
minute
40%
nothing
40%
ourselves
40%
parents'
40%
race
40%
screamed
40%
someone
40%
sure
40%
than
40%
were
40%
words
40%
would
40%
you'd
40%
break
20%
from
20%
start
20%
tomorrow,
20%
you've
20%

Score Distribution

Percentile by Number Answered

Percent of People with Each Score

Your Score History

You have not taken this quiz